| 000 | 00384nam a2200145 4500 | ||
|---|---|---|---|
| 020 | _a9789348573131 | ||
| 082 |
_aM4 _bSYA/S |
||
| 100 | _aSyamkumar T S | ||
| 245 |
_aSamskrutham, samskaram, bahuswaratha/ _cby Syamkumar T S |
||
| 260 |
_aThiruvananthapuram: _bChintha, _c2025. |
||
| 650 | _aEssays Malayalam | ||
| 650 | _aLiterature Malayalam | ||
| 650 | _aLiterature | ||
| 942 | _cBK | ||
| 999 |
_c181599 _d181599 |
||